000 00662cam a22002293a 4500
001 20904
003 PGUSA
005 20140828083438.0
008 070325s2007||||xxu|||||s|||||000 1 eng d
040 _aPGUSA
_beng
042 _adc
050 4 _aPR
100 1 _aHay, Ian,
_d1876-1952
245 1 4 _aThe Right Stuff :
_bSome Episodes in the Career of a North Briton
_h[electronic resource] /
_cIan Hay
260 _bProject Gutenberg,
_c2007
506 _aPublic domain in the USA.
516 _aElectronic text
653 _aGreat Britain -- Fiction
830 0 _aProject Gutenberg
_v20904
856 4 0 _uhttp://www.gutenberg.org/ebooks/20904
942 _cEB
999 _c250159
_d250159